Euskara Donostian : (Record no. 170307)

MARC details
000 -LEADER
campo de control de longitud fija 00583nam a22001695i 4500
001 - NÚMERO DE CONTROL
campo de control 170307
003 - IDENTIFICADOR DE NÚMERO DE CONTROL
campo de control ES-MaACL
005 - FECHA Y HORA DE LA ÚLTIMA TRANSACCIÓN
campo de control 20230906214341.0
008 - DATOS DE LONGITUD FIJA--INFORMACIÓN GENERAL
campo de control de longitud fija 090223s1987 sp |||| | baq d
080 ## - NÚMERO DE LA CLASIFICACIÓN DECIMAL UNIVERSAL
Número de la Clasificación Decimal Universal 811.361'27
245 00 - MENCIÓN DEL TÍTULO
Título Euskara Donostian :
Resto del título azterketa soziolinguistikoaren laburpena.
260 ## - PUBLICACIÓN, DISTRIBUCIÓN, ETC.
Lugar de publicación, distribución, etc. [San Sebastián] :
Nombre del editor, distribuidor, etc. Euskararen Udal Patronatua,
Fecha de publicación, distribución, etc. [1987?]
300 ## - DESCRIPCIÓN FÍSICA
Extensión [60] p. :
Otras características físicas il. ;
Dimensiones 21 cm.
594 ## - Nota al título y mención de responsabilidad
Nota al título y mención de responsabilidad Texto en vasco y castellano.
650 #4 - PUNTO DE ACCESO ADICIONAL DE MATERIA--TÉRMINO DE MATERIA
Término de materia o nombre geográfico como elemento de entrada Lengua vasca-
Subdivisión general Aspectos sociales.
9 (RLIN) 14330
852 4# - LOCALIZACIÓN
Ubicación ES-MaACL
Número de control de estantería 2249-F-4
Nota libre - Biblioteca Jacinto Martínez Lacalle
Holdings
Estatus retirado Estado de pérdida Estado de daño No para préstamo Colección Biblioteca de origen Biblioteca actual Ubicación en estantería Fecha de adquisición Fuente de adquisición Total de préstamos Signatura topográfica completa Código de barras Visto por última vez Precio de reemplazo Tipo de ítem Koha
        Colección de folletos Biblioteca del Ateneo de Madrid Biblioteca del Ateneo de Madrid Depósito folletos 23/02/2009     2249-F-4 1178794 23/02/2023 23/02/2023 Folleto